| 000 | 00517nam a2200169 i 4500 | ||
|---|---|---|---|
| 001 | 147351 | ||
| 003 | ES-MaACL | ||
| 005 | 20230906201938.0 | ||
| 007 | t| | ||
| 008 | 070927s1962 sp ||||1| spa d | ||
| 100 | 1 |
_aUmberg, Juan B. _9111969 |
|
| 245 | 1 | 4 |
_aLos ejercicios y los Sacramentos / _cJuan B. Umberg ; traducción del alemán por José L. López. |
| 260 |
_aSantander : _bSal Terrae, _c1962. |
||
| 300 |
_a219 p. ; _c16 cm. |
||
| 700 | 1 |
_aLópez, José L. _973340 |
|
| 852 |
_aES-MaACL _jC-22293 _bR.50532 |
||
| 999 |
_c147351 _d147351 |
||